Wiley CMA Exam Review Study Guide 2023 Parts strategic Financial Management (Record no. 3475)

MARC details
000 -LEADER
fixed length control field 00459nam a22001457a 4500
008 - FIXED-LENGTH DATA ELEMENTS--GENERAL INFORMATION
fixed length control field 250514b |||||||| |||| 00| 0 eng d
020 ## - INTERNATIONAL STANDARD BOOK NUMBER
ISBN 9781394151837
100 ## - MAIN ENTRY--AUTHOR
Author Buddy, Cassy
245 ## - TITLE STATEMENT
Title Wiley CMA Exam Review Study Guide 2023 Parts strategic Financial Management
260 ## - PUBLICATION, DISTRIBUTION, ETC. (IMPRINT)
Place of publication Hoboken, New Jersey
Name of publisher John Wiley and Sons
Date of publication 2023
300 ## - COLLATION
Pagination xv, 394p.
Other physical details ill.
650 ## - TRACINGS
Main Subject Business enterprises-Finance
Subdivision (1st) Exam Review
942 ## - ADDED ENTRY ELEMENTS (KOHA)
Item type Books
050 ## - LIBRARY OF CONGRESS CALL NUMBER
Classification number HG4026
Item number .B83
Holdings
Source of classification or shelving scheme Not for loan Permanent location Current location Date acquired Accession No. Full call number Barcode. Koha item type
Library of Congress Classification   Samuel Ogbemudia Main Library, University of Abuja Samuel Ogbemudia Main Library, University of Abuja 05/14/2025 2024/64111 HG4026.B83 2025-1942 Books